[Event "Perm op 04"]
[Site "Perm"]
[Date "2009.04.29"]
[Round "8"]
[White "Panjkov, Alexander"]
[Black "Voronov, Vitaly N"]
[Result "0-1"]
[WhiteElo "1781"]
[BlackElo "1982"]
[PlyCount "26"]
[EventDate "2009.04.20"]
[EventType "swiss"]
[EventRounds "8"]
[EventCountry "RUS"]
[SourceTitle "EXT 2022"]
[Source "ChessBase"]
[SourceDate "2021.10.06"]
[SourceVersion "1"]
[SourceVersionDate "2021.10.06"]
[SourceQuality "1"]

1. e4 c5 2. d3 Nc6 3. Ne2 Nf6 4. g3 d5 5. exd5 Qxd5 6. Rg1 Bg4 7. Nbc3 Qh5 8. Be3 0-0-0 9. Qd2 e5 10. 0-0-0 e4 11. d4 cxd4 12. Nxd4 Nxd4 13. Bxd4 Bxd1 0-1

[Event "Perm op 04"]
[Site "Perm"]
[Date "2009.04.21"]
[Round "2"]
[White "Panjkov, Alexander"]
[Black "Zamorin, Nikolai"]
[Result "1-0"]
[WhiteElo "2026"]
[BlackElo "1965"]
[PlyCount "54"]
[EventDate "2009.04.20"]
[EventType "swiss"]
[EventRounds "8"]
[EventCountry "RUS"]
[SourceTitle "EXT 2022"]
[Source "ChessBase"]
[SourceDate "2021.10.06"]
[SourceVersion "1"]
[SourceVersionDate "2021.10.06"]
[SourceQuality "1"]

1. d4 d5 2. Nf3 Nf6 3. Bf4 e6 4. e3 Be7 5. Be2 0-0 6. 0-0 b6 7. c4 Bb7 8. Nc3 Nbd7 9. Rb1 a6 10. b4 Nh5 11. Bg3 Nxg3 12. hxg3 dxc4 13. Bxc4 b5 14. Bd3 Rb8 15. a3 f5 16. Qb3 Rf6 17. d5 Nf8 18. e4 fxe4 19. Bxe4 Kh8 20. dxe6 Bxe4 21. Nxe4 Rxe6 22. Rfe1 Qe8 23. Rbc1 Bd6 24. Neg5 Bxg3 25. Nxe6 Qf7 26. Nc5 Bxf2+ 27. Kxf2 Qf4 1-0

[Event "Perm op-A 03"]
[Site "Perm"]
[Date "2009.03.16"]
[Round "6"]
[White "Panjkov, Alexander"]
[Black "Gerasimov, Anatoly"]
[Result "0-1"]
[WhiteElo "2132"]
[BlackElo "2202"]
[PlyCount "40"]
[EventDate "2009.03.11"]
[EventType "swiss"]
[EventRounds "9"]
[EventCountry "RUS"]
[SourceTitle "EXT 2022"]
[Source "ChessBase"]
[SourceDate "2021.10.06"]
[SourceVersion "1"]
[SourceVersionDate "2021.10.06"]
[SourceQuality "1"]

1. d4 d5 2. Nf3 c6 3. Bf4 Nf6 4. c3 h6 5. e3 Bf5 6. Qb3 Qb6 7. Qxb6 axb6 8. Nbd2 e6 9. Be2 Be7 10. 0-0 0-0 11. Bc7 b5 12. Nb3 Nbd7 13. Nc1 Rfc8 14. Bg3 Ne4 15. Nd3 f6 16. Rfe1 g5 17. Red1 Kg7 18. Nd2 Nxd2 19. Rxd2 Bxd3 20. Bxd3 Ra4 0-1

[Event "Perm op-B 11"]
[Site "Perm"]
[Date "2008.11.23"]
[Round "4"]
[White "Kashin, Yury"]
[Black "Panjkov, Alexander"]
[Result "1-0"]
[WhiteElo "2058"]
[BlackElo "1784"]
[PlyCount "35"]
[EventDate "2008.11.20"]
[EventType "swiss"]
[EventRounds "7"]
[EventCountry "RUS"]
[SourceTitle "EXT 2022"]
[Source "ChessBase"]
[SourceDate "2021.10.06"]
[SourceVersion "1"]
[SourceVersionDate "2021.10.06"]
[SourceQuality "1"]

1. e4 c6 2. d4 d5 3. e5 g6 4. f4 Bg7 5. Nf3 Nh6 6. Bd3 0-0 7. 0-0 a5 8. h3 b6 9. Be3 Ba6 10. Qe2 e6 11. Nbd2 Bxd3 12. Qxd3 Nd7 13. c4 Nf5 14. Bf2 h5 15. cxd5 cxd5 16. Rac1 Rc8 17. Qb5 Qe7 18. a3 1-0

[Event "Perm op 08"]
[Site "Perm"]
[Date "2008.08.15"]
[Round "6"]
[White "Gladkov, Igor"]
[Black "Panjkov, Alexander"]
[Result "1/2-1/2"]
[WhiteElo "2011"]
[BlackElo "1803"]
[PlyCount "28"]
[EventDate "2008.08.09"]
[EventType "swiss"]
[EventRounds "8"]
[EventCountry "RUS"]
[SourceTitle "EXT 2022"]
[Source "ChessBase"]
[SourceDate "2021.10.06"]
[SourceVersion "1"]
[SourceVersionDate "2021.10.06"]
[SourceQuality "1"]

1. Nc3 Nf6 2. e4 e5 3. d3 d6 4. Nf3 Be7 5. Be2 0-0 6. 0-0 Nc6 7. Bg5 h6 8. Bxf6 Bxf6 9. Nd5 Be6 10. Nxf6+ Qxf6 11. c3 Rad8 12. d4 exd4 13. cxd4 d5 14. e5 Qe7 1/2-1/2

[Event "Perm op 08"]
[Site "Perm"]
[Date "2008.08.14"]
[Round "5"]
[White "Panjkov, Alexander"]
[Black "Bychenkova, Sonia"]
[Result "1/2-1/2"]
[WhiteElo "1803"]
[BlackElo "1587"]
[PlyCount "32"]
[EventDate "2008.08.09"]
[EventType "swiss"]
[EventRounds "8"]
[EventCountry "RUS"]
[SourceTitle "EXT 2022"]
[Source "ChessBase"]
[SourceDate "2021.10.06"]
[SourceVersion "1"]
[SourceVersionDate "2021.10.06"]
[SourceQuality "1"]

1. d4 f5 2. c4 Nf6 3. Nc3 g6 4. Nf3 Bg7 5. e3 0-0 6. Be2 d6 7. 0-0 Nc6 8. Rb1 e5 9. d5 Ne7 10. b4 h6 11. a3 g5 12. Bb2 f4 13. exf4 gxf4 14. Bd3 Bf5 15. Bxf5 Nxf5 16. Nd2 Qe8 1/2-1/2

[Event "Perm op 08"]
[Site "Perm"]
[Date "2008.08.09"]
[Round "1"]
[White "Vazhenin, Alexei"]
[Black "Panjkov, Alexander"]
[Result "1-0"]
[WhiteElo "2168"]
[BlackElo "1803"]
[PlyCount "49"]
[EventDate "2008.08.09"]
[EventType "swiss"]
[EventRounds "8"]
[EventCountry "RUS"]
[SourceTitle "EXT 2022"]
[Source "ChessBase"]
[SourceDate "2021.10.06"]
[SourceVersion "1"]
[SourceVersionDate "2021.10.06"]
[SourceQuality "1"]

1. d4 Nf6 2. c4 c5 3. d5 b5 4. cxb5 a6 5. Nc3 d6 6. e4 g6 7. Nf3 Bg7 8. Be2 0-0 9. 0-0 axb5 10. Bxb5 Qb6 11. Qe2 Ba6 12. Re1 Nbd7 13. h3 Rfb8 14. Bxa6 Rxa6 15. e5 dxe5 16. Nxe5 Nxe5 17. Qxe5 Rb7 18. Qe2 Ra5 19. Bd2 Raa7 20. a4 Qxb2 21. Rab1 Qc2 22. Rbc1 Qf5 23. Nb5 Nxd5 24. Nxa7 Rxa7 25. Rxc5 1-0

[Event "Perm op 07"]
[Site "Perm"]
[Date "2008.07.23"]
[Round "5"]
[White "Pershina, Elena"]
[Black "Panjkov, Alexander"]
[Result "1-0"]
[WhiteElo "1799"]
[BlackElo "1803"]
[PlyCount "37"]
[EventDate "2008.07.17"]
[EventType "swiss"]
[EventRounds "8"]
[EventCountry "RUS"]
[SourceTitle "EXT 2022"]
[Source "ChessBase"]
[SourceDate "2021.10.06"]
[SourceVersion "1"]
[SourceVersionDate "2021.10.06"]
[SourceQuality "1"]

1. d4 d5 2. Nf3 Nf6 3. Bf4 Bf5 4. e3 e6 5. c4 c6 6. Nc3 Be7 7. Be2 0-0 8. 0-0 Nbd7 9. h3 h6 10. cxd5 cxd5 11. Rc1 Re8 12. a3 a6 13. b4 b5 14. Qb3 Nb6 15. Rfd1 Nc4 16. Ne1 Qb6 17. Nd3 Red8 18. Nc5 Nd7 19. a4 1-0

[Event "Perm op 01"]
[Site "Perm"]
[Date "2008.01.24"]
[Round "7"]
[White "Chechurin, Yury"]
[Black "Panjkov, Alexander"]
[Result "0-1"]
[WhiteElo "1881"]
[BlackElo "1837"]
[PlyCount "86"]
[EventDate "2008.01.16"]
[EventType "swiss"]
[EventRounds "9"]
[EventCountry "RUS"]
[SourceTitle "EXT 2022"]
[Source "ChessBase"]
[SourceDate "2021.10.06"]
[SourceVersion "1"]
[SourceVersionDate "2021.10.06"]
[SourceQuality "1"]

1. d4 Nf6 2. Nf3 c6 3. c4 d5 4. Qc2 e6 5. Nc3 Nbd7 6. e3 Bd6 7. Be2 0-0 8. 0-0 dxc4 9. Bxc4 Qe7 10. a3 e5 11. h3 h6 12. Nh4 Nd5 13. Nf5 Qf6 14. Bxd5 exd4 15. exd4 cxd5 16. Nxd5 Qe6 17. Bf4 Bxf4 18. Nxf4 Qb6 19. Nd5 Qa5 20. Rac1 Kh8 21. Nfe7 Qd8 22. Rfe1 Nb6 23. Nxb6 Qxb6 24. d5 Bd7 25. Qc7 Rfd8 26. Qxb6 axb6 27. Rc7 Rab8 28. f4 g6 29. Kf2 h5 30. Ke3 Kg7 31. Kd4 h4 32. f5 gxf5 33. Ke5 Kf8 34. d6 Be6 35. Rd1 Rd7 36. Kf6 Rbd8 37. Rxd7 Bxd7 38. Rd4 Bc6 39. Nxc6 bxc6 40. d7 c5 41. Kxf5 Ke7 42. a4 Rxd7 43. Rc4 Rd2 0-1

[Event "Perm op 09"]
[Site "Perm"]
[Date "2007.09.20"]
[Round "8"]
[White "Kurochkina, Elena"]
[Black "Panjkov, Alexander"]
[Result "1-0"]
[WhiteElo "1815"]
[BlackElo "1877"]
[PlyCount "31"]
[EventDate "2007.09.12"]
[EventType "swiss"]
[EventRounds "8"]
[EventCountry "RUS"]
[SourceTitle "EXT 2022"]
[Source "ChessBase"]
[SourceDate "2021.10.06"]
[SourceVersion "1"]
[SourceVersionDate "2021.10.06"]
[SourceQuality "1"]

1. d4 e6 2. e4 d5 3. e5 f5 4. Qh5+ g6 5. Qh3 c5 6. Bb5+ Nd7 7. c3 Qa5 8. Bxd7+ Bxd7 9. Bd2 Qb6 10. b3 cxd4 11. Qd3 dxc3 12. Bxc3 Bb5 13. Qd2 Bh6 14. f4 Ne7 15. Nf3 Ba6 16. Na3 1-0

[Event "Perm op 07-C"]
[Site "Perm"]
[Date "2007.07.21"]
[Round "2"]
[White "Davydov, Stepan"]
[Black "Panjkov, Alexander"]
[Result "0-1"]
[WhiteElo "1815"]
[BlackElo "2025"]
[PlyCount "58"]
[EventDate "2007.07.20"]
[EventType "swiss"]
[EventRounds "8"]
[EventCountry "RUS"]
[SourceTitle "EXT 2022"]
[Source "ChessBase"]
[SourceDate "2021.10.06"]
[SourceVersion "1"]
[SourceVersionDate "2021.10.06"]
[SourceQuality "1"]

1. d4 Nf6 2. Bg5 e6 3. Nf3 d5 4. e3 c5 5. c3 Nc6 6. Bd3 cxd4 7. cxd4 Be7 8. Nc3 0-0 9. h4 h6 10. Bf4 Bd6 11. Ne5 Bxe5 12. dxe5 Nh7 13. g4 f6 14. exf6 Nxf6 15. g5 e5 16. gxf6 exf4 17. fxg7 Rf7 18. Nxd5 fxe3 19. fxe3 Ne5 20. Be4 Bg4 21. Qb3 Nf3+ 22. Bxf3 Bxf3 23. Rd1 Bxh1 24. Nf4 Qxh4+ 25. Kf1 Bc6 26. Kg1 Rd8 27. Kf1 Qh1+ 28. Kf2 Qf3+ 29. Kg1 Rxd1+ 0-1

[Event "Perm op 06-B"]
[Site "Perm"]
[Date "2007.06.27"]
[Round "7"]
[White "Panjkov, Alexander"]
[Black "Davydov, Stepan"]
[Result "0-1"]
[WhiteElo "1831"]
[BlackElo "2022"]
[PlyCount "68"]
[EventDate "2007.06.20"]
[EventType "swiss"]
[EventRounds "8"]
[EventCountry "RUS"]
[SourceTitle "EXT 2022"]
[Source "ChessBase"]
[SourceDate "2021.10.06"]
[SourceVersion "1"]
[SourceVersionDate "2021.10.06"]
[SourceQuality "1"]

1. d4 c5 2. c3 cxd4 3. cxd4 Nc6 4. e4 d5 5. e5 Bf5 6. Nc3 e6 7. a3 Be7 8. Nf3 f6 9. Bb5 Rc8 10. 0-0 Kf7 11. Re1 h5 12. Nh4 Bg4 13. Qd3 f5 14. Bxc6 bxc6 15. Nf3 Bxf3 16. Qxf3 c5 17. Be3 c4 18. Rab1 g5 19. b4 a5 20. Bd2 axb4 21. axb4 g4 22. Qd1 Qb6 23. Qe2 Nh6 24. Bc1 Kg7 25. Bf4 Nf7 26. Red1 Ng5 27. Bxg5 Bxg5 28. Na4 Qd8 29. Nc5 Qe7 30. b5 h4 31. b6 g3 32. hxg3 hxg3 33. fxg3 Rxc5 34. dxc5 Qxc5+ 0-1

[Event "Perm op 06-B"]
[Site "Perm"]
[Date "2007.06.25"]
[Round "5"]
[White "Kuianov, Ilia"]
[Black "Panjkov, Alexander"]
[Result "0-1"]
[WhiteElo "1753"]
[BlackElo "1831"]
[PlyCount "68"]
[EventDate "2007.06.20"]
[EventType "swiss"]
[EventRounds "8"]
[EventCountry "RUS"]
[SourceTitle "EXT 2022"]
[Source "ChessBase"]
[SourceDate "2021.10.06"]
[SourceVersion "1"]
[SourceVersionDate "2021.10.06"]
[SourceQuality "1"]

1. d4 d5 2. c4 c6 3. cxd5 cxd5 4. Nc3 Nf6 5. Bf4 e6 6. e3 a6 7. Bd3 Nc6 8. a3 Be7 9. Nge2 Nh5 10. Bg3 Nxg3 11. hxg3 g6 12. Qc2 Bf6 13. Nf4 Qe7 14. 0-0-0 Bd7 15. Rh2 0-0-0 16. Rdh1 h5 17. Bxg6 fxg6 18. Nxg6 Qf7 19. Nxh8 Rxh8 20. g4 h4 21. g3 Qg7 22. f3 Qg8 23. gxh4 e5 24. Qb3 Be6 25. e4 Nxd4 26. Qb6 Nc6 27. g5 Bd8 28. Qc5 Be7 29. Qg1 d4 30. Ne2 Qf8 31. Qg2 d3 32. Nc3 Bb3 33. h5 Qf4+ 34. Kb1 Bxg5 0-1